000 00671nam a22002297a 4500
003 UA-OsUOA
001 112565
007 ta
008 20150713b un ||||| |||| 00| 0 ukr d
090 _a94(477)(082)
_bЧ-24
942 _cBK
040 _aUA-OsUOA
_bukr
_cUA-OsUOA
_dUA-OsUOA
245 _aЧасопис української історії
_bнауковий збірник
_cза ред. А. П. Коцура
300 _a182 с.
955 _a1
041 _aukr
080 _a94(477)(082)
260 _aК.
_bКниги-ХХІ
_c2009
250 _nВип. 18
650 7 _a9 Географія. Біографії. Історія
_2UDC
999 _c398700
_d398700